Metalepsis. De la figura a la ficción.

Bewaard in:
Bibliografische gegevens
Hoofdauteur: Genette, Gérard (autor)
Formaat: Boek
Gepubliceerd in: México, D.F., México: Fondo de Cultura Económica, 2004.
Editie:Primera edición en Español.
Reeks:Colección Popular,
Onderwerpen:
Tags: Voeg label toe
Geen labels, Wees de eerste die dit record labelt!

MARC

LEADER 00000nam a22000007a 4500
003 CL-VaPUC
005 20220909122645.0
008 220823t2004 ||||| |||| 00| 0 eng d
999 |c 438447  |d 438445 
020 |a 950-557-606-4 
040 |c Pontificia Universidad Católica de Valparaíso 
082 |2 22  |a 808.3 GEN 2004 
100 1 |a Genette, Gérard  |e autor  |9 875825 
245 |a Metalepsis.  |b De la figura a la ficción. 
250 |a Primera edición en Español. 
260 |a México, D.F., México:  |b Fondo de Cultura Económica,  |c 2004. 
300 |a 155 páginas. 
490 |a Colección Popular,  |n  650. 
500 |a c.1 Donación Literatura. 
583 |c 20220823  |k Catalogador Asistente 
650 0 |9 533027  |a Retórica de la novela  
650 0 |9 310539  |a Narración   |x Retórica  
650 0 |9 875965  |a Metalepsis  |x Figura retórica 
650 0 |9 388942  |a Discurso narrativo  |x Análisis  
942 |2 ddc  |c BK 
952 |0 0  |1 0  |2 ddc  |4 0  |6 808_300000000000000_GEN_2004  |7 0  |8 A  |9 586380  |a BIBEDU  |b BIBEDU  |c GEN  |d 2022-08-23  |e Donación  |i 5654397  |o 808.3 GEN 2004  |p 5654397  |r 2023-03-30  |t 1  |w 2022-08-23  |y BK  |k LIT